Ceremonial execution and public rewards : some historical scenes on New Kingdom Private Stelae /

محفوظ في:

المؤلف الرئيسي: Schulman, Alan Richard (مؤلف)

التنسيق: كتاب

اللغة: English

منشور في: Freiburg, Schweiz : Göttingen : Universitätsverlag ; Vandenhoeck & Ruprecht, 1988.

سلاسل: Orbis biblicus et orientalis ; 75.
OBO ; 75.

الموضوعات:

الوسوم: إضافة وسم

لا توجد وسوم, كن أول من يضع وسما على هذه التسجيلة!

رقم الطلب: DS41 .O5 v.75

LEADER 01061namaa2200277 4500
001 12450
003 OSt
005 20241008091903.0
008 130303s1988 sz a b 000 0 eng d
952 |0 0  |1 0  |2 lcc  |3 V.75  |4 0  |6 DS0041 O5 V.00075  |7 1  |9 11741  |a ARCE  |b ARCE  |d 2021-04-10  |l 0  |o DS41 .O5 v.75  |p 1015766  |r 2021-04-10 00:00:00  |w 2021-04-10  |y BK 
999 |c 10878  |d 10878 
020 |a 372780548x 
040 |c ARCE Library 
050 4 |a DS41 .O5 v.75 
100 1 |a Schulman, Alan Richard,  |e author  |9 39516 
245 1 0 |a Ceremonial execution and public rewards :  |b some historical scenes on New Kingdom Private Stelae /  |c Alan R. Schulman. 
264 1 |a Freiburg, Schweiz :  |b Universitätsverlag ;  |a Göttingen :  |b Vandenhoeck & Ruprecht,  |c 1988. 
300 |a xxix, 223 pages :  |b illustration ;  |c 24 cm. 
490 1 |a Orbis biblicus et orientalis ;   |v 75. 
490 1 |a OBO ;   |v 75. 
504 |a Includes bibliographical references. 
650 0 |a Stele (Archaeology) 
830 0 |a Orbis biblicus et orientalis ;   |v 75. 
830 0 |a OBO ;   |v 75. 
901 |a reviewed 
942 |c BK  |2 lcc